000 00325 a2200133 4500
005 20250625150437.0
020 _a0-03-022473-X
082 _a510 DYK
100 _aDYKE, J.
245 _aFundamental of Mathetics
260 _aNew York,
_bSaunders,
_c2010
300 _axxiii, 795p.; ill, figure, table
_c26cm
942 _2ddc
_cBKS
999 _c5114
_d5114